[Event "17.Mannschafts-EM"]
[Site "Novi Sad, Serbien"]
[Date "2009.10.29"]
[Round "8"]
[White "Ekstroem, Roland"]
[Black "Vuckovic, Bojan"]
[Result "1-0"]
[WhiteElo "2488"]
[BlackElo "2600"]
[PlyCount "76"]
[EventDate "2009.??.??"]
[Source "Mark Crowther"]
[SourceDate "2009.01.05"]

{D90: Grünfeld-Verteidigung (Flohr-Variante)} 1. d4 Nf6 2. Nf3 g6 3. c4 Bg7 4.
Nc3 d5 5. cxd5 Nxd5 6. Bd2 Nb6 7. Bg5 O-O (7... h6 8. Bh4 c5 9. dxc5 Bxc3+ 10.
bxc3 Qxd1+ 11. Rxd1 Na4 12. Nd4 Bd7 13. f3 Nxc3 14. Rd2 Nc6 15. Bf2 O-O 16. e4
Rfd8 17. Bc4 Ne5 18. Rc2 Nxc4 19. Rxc3 Na5 20. O-O e5 21. Nc2 Be6 22. Be3 {
Slobodjan,R (2525)-Baramidze,D (2585)/ 2007/1/2-1/2}) 8. e3 h6 9. Bf4 $146 (9.
Bh4 g5 (9... c5 10. dxc5 N6d7 11. Rc1 Nc6 12. Bb5 Nxc5 13. O-O g5 14. Bg3 Bf5
15. Qd5 Qxd5 16. Nxd5 Nd3 17. Bxc6 Nxc1 18. Rxc1 Bxb2 19. Rc5 Rad8 20. h3 Be6
21. Bxb7 Bxd5 22. Bxd5 Ba3 23. Ra5 Bb4 24. Rb5 {Giri,A (2469)-Gupta,A (2569)/
Wijk aan Zee 2009/1-0}) (9... Nc6 10. Be2 a5 11. O-O a4 12. Bb5 a3 13. b3 Nb4
14. Qc1 Bf5 15. e4 Bg4 16. Ne5 Qxd4 17. Nxg4 Qxc3 18. Bxe7 Qxc1 19. Rfxc1 Bxa1
20. Rxa1 Nc2 21. Rd1 h5 22. Nf6+ Kg7 23. e5 {Gunina,V (2295)-Harika,D (2455)/
Moskau 2008/0-1}) 10. Bg3 c5 11. dxc5 Bxc3+ 12. bxc3 Qxd1+ 13. Rxd1 Na4 14. Bc4
Nxc3 15. Rc1 Ne4 16. Nd4 Bd7 17. Bd5 Nxg3 18. hxg3 Nc6 19. Nxc6 Bxc6 20. Bxc6
bxc6 21. Rxh6 f6 22. Ke2 Rab8 23. Rc2 Rb1 {Iskusnyh,S (2483)-Kotlyar,K (2039)/
Khanty Mansiysk 2007/1-0}) 9... Nc6 10. Bb5 Bd7 11. O-O Re8 12. Rc1 Rc8 13. h3
a6 14. Be2 g5 15. Bg3 g4 $2 (15... e5 $142 $5 16. Nxe5 Nxe5 17. Bxe5 Bxe5 18.
dxe5 Rxe5 $16) 16. hxg4 $18 Bxg4 17. Ne4 Nd7 18. Nh4 (18. Qb3 $142 $5 Nb6 19.
Nc5 Qd5 $18) 18... Bxe2 19. Qxe2 e6 20. Nf3 Qe7 21. Rfd1 Qb4 22. Nc5 Nxc5 23.
Rxc5 (23. dxc5 $6 Red8 $14 (23... Bxb2 $4 24. Rb1 $18)) 23... Red8 24. Rdc1 (
24. Rd3 Bf8 25. Rc1 Bd6 $18) 24... Rd7 (24... Qa4 25. b3 Qa3 26. R1c3 $18) 25.
Ne1 Qb6 26. Nd3 Ne7 27. Ne5 Bxe5 28. Bxe5 (28. dxe5 $6 Ng6 $14) 28... Ng6 29.
Bf6 Rd5 30. e4 Rxc5 31. Rxc5 e5 32. Qg4 (32. Bxe5 $142 Nxe5 33. Rxe5 Rd8 $18)
32... Rf8 $2 (32... Re8 33. Bxe5 Qe6 34. Qxe6 Rxe6 $18 (34... fxe6 $4 35. Rxc7
Re7 36. g4 $18)) 33. Bxe5 Qxb2 34. Rxc7 Kh7 (34... Qxa2 35. Rxb7 Qd2 $18) 35.
Qf5 Qxa2 36. d5 Kg8 37. Rxf7 $3 Qb1+ (37... Rxf7 38. Qxg6+ Kf8 39. Bd6+ Ke8 40.
Qe6+ Kd8 41. Qxf7 Qb1+ 42. Kh2 Qxe4 43. Bc7+ Kc8 44. Bb6 Qh4+ 45. Kg1 Qd8 46.
Bxd8 Kxd8 47. d6 b5 48. Qe7+ Kc8 49. Qc7#) 38. Kh2 Qb6 (38... Qh1+ 39. Kxh1
Rxf7 40. Qxg6+ Kf8 41. Bd6+ Re7 42. Qf6+ Kg8 43. Bxe7 Kh7 44. Qf7+ Kh8 45. Bf6#
) (38... Qb6 39. Rg7+ Kh8 40. Rxg6+ Rf6 41. Rxf6 Qxf6 42. Qxf6+ Kg8 43. Qg7#)
1-0

[Event "17. Mannschafts-EM"]
[Site "Novi Sad/Serbia"]
[Date "2009.10.22"]
[Round "1"]
[White "Kryvoruchko, Yuriy"]
[Black "Gallagher, Joseph G"]
[Result "0-1"]
[WhiteElo "2612"]
[BlackElo "2464"]
[PlyCount "88"]
[EventDate "2009.??.??"]
[Source "Mark Crowther"]
[SourceDate "2009.01.05"]

{B90: Sizilianisch (Najdorf-Variante, Abweichungen)} 1. e4 c5 2. Nf3 d6 3. d4
cxd4 4. Nxd4 Nf6 5. Nc3 a6 6. Be3 e5 7. Nb3 Be6 8. h3 Nbd7 (8... Be7 9. Qf3 h5
10. O-O-O Nbd7 11. Kb1 Nb6 12. g4 hxg4 13. hxg4 Rxh1 14. Qxh1 Bxg4 15. f3 Bh5
16. Qg1 Nfd7 17. Qxg7 Bxf3 18. Rd3 Bf8 19. Qg3 Bh5 20. Bg5 Be7 21. Be3 Bg6 22.
Bh3 Qc7 23. Qf2 {Bologan,V (2580)-Sakaev,K (2620)/Elista 1998/1/2-1/2}) 9. g4 (
9. Qf3 Rc8 10. O-O-O Nb6 11. Nc5 Be7 12. g4 {Wen,Y (2487)-Ghaem Maghami,E 
(2597)/Manila 2008/ 1/2-1/2}) 9... Nb6 $146 (9... h6 10. Qf3 Rc8 11. O-O-O Be7
12. Kb1 Qc7 13. Bd3 Qc6 14. Na5 Qc7 15. Nb3 Qc6 16. Na5 Qc7 {Lindberg,B (2307)
-Dzevlan,M (2435)/Stockholm 1999/ 1/2-1/2}) 10. g5 Nfd7 11. Nd5 (11. Qh5 Be7
$11) 11... Rc8 (11... Be7 12. h4 $11) 12. f4 (12. Qd3 $5 $11) 12... Bxd5 13.
exd5 Be7 14. h4 (14. Qd2 Nc4 15. Bxc4 Rxc4 16. fxe5 Nxe5 $11) 14... h6 $15 15.
gxh6 $2 (15. Qf3 $142 Rxc2 16. fxe5 dxe5 17. Bd3 Bb4+ 18. Kf1 Rxb2 19. Bc1 $17)
15... Bxh4+ $19 16. Kd2 Rxh6 17. Qf3 exf4 18. Bxf4 Ne5 19. Qg2 $2 (19. Qe4
Nbc4+ 20. Kd1 $19) 19... Bg5 (19... Rg6 $142 20. Qe4 Rg4 $19) 20. Bxg5 $17
Qxg5+ 21. Qxg5 Nf3+ 22. Kd3 Nxg5 23. Rxh6 gxh6 24. Bg2 (24. Na5 $5 $15) 24...
Nc4 $17 25. Rb1 Ne5+ 26. Kd2 Rc4 27. Rh1 Rg4 28. Bf1 (28. Bh3 $142 $5 Rh4 29.
Bg2 $17) 28... Ne4+ $19 29. Ke1 Ng3 30. Rxh6 (30. Rh3 h5 $19) 30... Re4+ (30...
Nxf1 $6 31. Kxf1 Nc4 32. Rh8+ Kd7 33. Rb8 Rf4+ 34. Ke2 $17) 31. Kf2 Ng4+ 32.
Kxg3 Nxh6 33. Na5 (33. Bd3 Rg4+ 34. Kf3 Ra4 $19) 33... b5 (33... Kd7 34. Nc4 b5
35. Nd2 Nf5+ 36. Kf2 Rf4+ 37. Ke2 $19) 34. c4 (34. Nc6 Ra4 35. a3 Nf5+ 36. Kf3
Nd4+ 37. Kf2 Nxc6 38. dxc6 Ke7 $19) 34... Nf5+ 35. Kf3 (35. Kf2 Rf4+ 36. Ke1
Ne3 37. cxb5 Rxf1+ (37... Nxf1 $143 38. bxa6 Re4+ 39. Kxf1 $16) 38. Ke2 axb5
39. Kxe3 Ra1 $19) 35... Re1 36. Kf2 (36. Bh3 Re3+ 37. Kg4 bxc4 $19) 36... Rb1 (
36... Ra1 37. a3 Ra2 38. cxb5 Rxb2+ 39. Kf3 axb5 40. Bd3 Nd4+ 41. Ke4 $19) 37.
b3 (37. cxb5 Rxb2+ 38. Kf3 Rxa2 $19) 37... Rb2+ 38. Kf3 Rxa2 39. Nc6 (39. b4
Ra3+ 40. Kf4 Ne3 $19) 39... Ra3 40. cxb5 (40. Bd3 Rxb3 41. Ke4 b4 $19) 40...
Rxb3+ 41. Kf4 Ne3 42. Na5 (42. Nd4 Ra3 43. Be2 Nxd5+ 44. Kg5 f6+ 45. Kf5 $19)
42... Ra3 (42... Nxf1 $6 43. Nxb3 axb5 44. Kf3 $19) 43. b6 (43. Nc4 Nxc4 (43...
Nxf1 $6 44. Nxa3 axb5 45. Nxb5 $11) 44. bxa6 Rxa6 $19) 43... Nxf1 44. b7 Ra4+ (
44... Ra4+ 45. Kf3 Rb4 $19 (45... Rxa5 46. b8=Q+ Ke7 47. Qc7+ Kf6 48. Qxa5 Kg5
49. Qd8+ Kg6 50. Qxd6+ Kg5 51. Qe5+ Kg6 52. Qe2 Nd2+ 53. Qxd2 Kf5 54. Qf4+ Kg6
55. Qd6+ Kf5 56. Qxa6 Ke5 57. Qc6 Kf5 58. d6 Ke6 59. d7+ Ke7 60. Qc8 Ke6 61.
d8=Q+ Ke5 62. Qb7 Ke6 63. Qbd5#)) (44... Rxa5 45. b8=Q+ Ke7 46. Qc7+ Ke8 47.
Qxa5 Kf8 48. Qxa6 Kg8 49. Qxd6 Nh2 50. Qd8+ Kg7 51. Qg5+ Kf8 52. Qh6+ Ke7 53.
Qxh2 Kd6 54. Qd2 Kd7 55. d6 f6 56. Qd5 f5 57. Ke5 Ke8 58. Qb7 Kd8 59. Qc7+ Ke8
60. Qe7#) 0-1

[Event "2. Pearl Spring"]
[Site "Nanjing"]
[Date "2009.10.09"]
[Round "10"]
[White "Carlsen, Magnus"]
[Black "Jakovenko, Dmitrij"]
[Result "1-0"]
[WhiteElo "2772"]
[BlackElo "2742"]
[PlyCount "75"]
[EventDate "2009.03.21"]
[EventCountry "CHN"]
[Source "Mark Crowther"]
[SourceDate "2009.01.05"]

{D31: Damengambit (Halbslawisch)} 1. d4 d5 2. c4 e6 3. Nc3 Be7 4. cxd5 exd5 5.
Bf4 c6 6. Qc2 Bd6 7. Bxd6 Qxd6 8. e3 Ne7 9. Bd3 b6 10. Nf3 Ba6 11. O-O Bxd3 12.
Qxd3 Nd7 $146 (12... O-O 13. Rac1 Nd7 14. Rc2 Qg6 15. Qxg6 hxg6 16. Ne2 f6 17.
h4 Kf7 18. Nf4 Rfd8 19. Rfc1 Nf8 20. Ne1 {Harikrishna,P (2563)-Kasimdzhanov,R 
(2680)/Mumbai 2003/ 1/2-1/2}) 13. e4 O-O 14. e5 Qe6 15. Rae1 Rfe8 16. Nh4 Ng6
17. Nxg6 Qxg6 18. Qd2 Nf8 19. f4 Qf5 20. Nd1 (20. Ne2 h5 $16) 20... f6 (20...
Ne6 $5 $16) 21. Ne3 Qd7 22. Qd3 fxe5 23. dxe5 Ne6 24. f5 Nc5 25. Qd4 Ne4 26.
Nxd5 Qxd5 (26... cxd5 $2 27. Rxe4 Qc6 28. Re3 $18) 27. Qxe4 (27. Rxe4 $6 Qxd4+
28. Rxd4 Rxe5 $11) 27... Rad8 28. e6 Qxe4 29. Rxe4 Rd6 30. g4 Kf8 (30... h6 31.
b4 $18) 31. g5 Ke7 $2 (31... c5 32. Kg2 $18) 32. Kg2 (32. f6+ $5 Kf8 33. e7+
Kf7 $18) 32... Rd5 33. Kg3 Kd6 (33... Kf8 34. h4 $18) 34. h4 c5 (34... Rg8 $18)
35. f6 gxf6 36. gxf6 Rd3+ 37. Kh2 Rd2+ 38. Kh1 (38. Kh1 Rxe6 39. Rxe6+ Kxe6 40.
f7 $18) 1-0

[Event "2. Pearl Spring"]
[Site "Nanjing CHN"]
[Date "2009.09.28"]
[Round "1"]
[White "Carlsen, Magnus"]
[Black "Leko, Peter"]
[Result "1-0"]
[WhiteElo "2772"]
[BlackElo "2762"]
[PlyCount "87"]
[EventDate "2009.09.28"]
[EventType "tourn"]
[EventRounds "10"]
[EventCountry "CHN"]
[EventCategory "21"]
[Source "Mark Crowther"]
[SourceDate "2009.01.05"]

{C45: Schottische Partie} 1. e4 e5 2. Nf3 Nc6 3. d4 exd4 4. Nxd4 Bc5 5. Be3 Qf6
6. c3 Nge7 7. Bc4 Ne5 8. Be2 Qg6 9. O-O d6 10. f4 Qxe4 11. Bf2 Bxd4 12. cxd4
N5g6 13. g3 O-O (13... Bh3 14. Bf3 Qf5 15. Re1 d5 16. Qb3 O-O 17. Nc3 c6 18.
Qxb7 Rfb8 19. Qc7 Qf6 {Morozevich,A (2749)-Kramnik,V (2802)/Dortmund 2001/ 1/
2-1/2}) 14. Nc3 Qf5 15. d5 a6 $146 (15... Qd7 16. h4 h6 17. h5 Nh8 18. Re1 Qd8
19. g4 f5 20. Bh4 g5 21. fxg5 hxg5 22. Bxg5 Nf7 23. Bf4 fxg4 24. Bd3 Ne5 25.
Bxe5 dxe5 26. Rxe5 Bf5 27. Qd2 Bxd3 28. Qxd3 Qd6 29. Rg5+ Kh8 30. Qd4+ {
Brunello,S (2334)-Naumkin,I (2445)/Verona 2006/1/2-1/2}) (15... Rd8 16. Bf3 (
16. Bd4 Nxd5 17. g4 Nxc3 18. gxf5 Nxd1 19. fxg6 c5 20. gxh7+ Kxh7 21. Raxd1
cxd4 22. Rxd4 Bf5 23. Bf3 Rd7 24. Rfd1 Rad8 25. b4 g6 26. b5 Kg7 27. Rc1 Kf6
28. Kf2 d5 29. a4 b6 30. a5 bxa5 {Tomczak,J (2443)-Aleksandrov,A (2614)/
Warschau 2007/0-1}) 16... c6 (16... c5 17. Re1 Qd7 18. h4 Rb8 19. a4 a6 20. h5
Nf8 21. g4 b5 22. axb5 axb5 23. Bh4 Re8 24. f5 Kh8 25. f6 Ng8 26. fxg7+ Kxg7
27. Qd2 Rxe1+ 28. Rxe1 h6 29. Ne4 Nh7 30. Qf4 Rb6 31. Bg3 {Dembo,Y (2448)
-Stefanova,A (2463)/Solin 2007/1-0}) 17. Re1 Nxd5 18. Nxd5 cxd5 19. Bxd5 Be6
20. Bxb7 Rab8 21. Be4 Qa5 22. Bd4 Ne7 23. a3 Nf5 24. b4 Qa6 25. Bf2 Rbc8 26.
Qh5 g6 27. Qg5 d5 28. Bg2 d4 29. g4 Ng7 30. Qf6 {Slugin,S (2439)-Bykov,A (2300)
/Voronezh 2009/1-0}) (15... Bd7 16. Re1 $14) 16. Re1 Kh8 (16... Re8 17. h4 $14)
17. Rc1 Bd7 18. Bf3 Rac8 19. Qb3 b5 20. Ne2 (20. Qa3 h6 $16) 20... Qh3 (20...
c5 21. dxc6 Nxc6 22. Rcd1 $16) 21. Nd4 Bg4 22. Bg2 Qh5 23. h4 (23. Nc6 Nxc6 24.
Rxc6 $16 (24. dxc6 $6 Be6 25. Qa3 Ra8 $11)) 23... Ng8 $2 (23... Kg8 $142 $5 $14
) 24. Rc6 $18 Nf6 25. Rxa6 Bd7 26. Nxb5 Rb8 27. a4 Ng4 28. Bf3 Qh6 (28... Bxb5
29. axb5 Qf5 30. Ra7 $18) 29. Qc4 Nxh4 (29... Nxf2 30. Kxf2 Rfc8 31. b4 $18)
30. Bxg4 (30. gxh4 Nxf2 31. f5 Nh3+ 32. Kh2 Bxf5 $19) 30... Bxg4 31. gxh4 Bf3 (
31... Qh5 32. Kh2 (32. Qxc7 Bc8 33. Rxd6 Qg4+ 34. Kf1 Qf3 $11) (32. Nxc7 $6 Bc8
33. f5 Bxa6 34. Nxa6 Rxb2 $18) 32... Bd7 33. Re3 $18 (33. Qxc7 $6 Qf3 34. Qc2
Rxb5 35. axb5 Qh3+ 36. Kg1 Qg4+ 37. Kh2 Qh3+ 38. Kg1 Qg4+ 39. Kh2 Qh3+ $11))
32. f5 (32. Qxc7 $4 Qg6+ 33. Bg3 Qxg3+ 34. Kf1 Qg2#) 32... Qh5 (32... Qd2 33.
Qxc7 Rbe8 34. Qc1 Rxe1+ 35. Qxe1 $18) 33. Qf4 (33. Qxc7 $4 Qg4+ 34. Bg3 Qxg3+
35. Kf1 Qg2#) 33... Bxd5 (33... Be2 34. Ra5 f6 35. Rc1 $18) 34. Nxc7 Bb7 35.
Rb6 f6 36. Bd4 Qf7 (36... Bf3 37. Rxb8 Rxb8 38. a5 $18) 37. Ne6 Rg8 38. Kf2 (
38. Rxd6 $5 Rbc8 39. Qg3 Bc6 $18) 38... Rbc8 39. Bc3 Bd5 40. a5 Rc4 41. Nd4 Ba8
(41... Rd8 42. Rxd6 Qc7 43. Rxd8+ Qxd8 44. Ra1 $18) 42. Qxd6 Qh5 43. Qf4 Rcc8 (
43... Qf7 44. Rb8 Rcc8 45. Rxc8 Rxc8 46. a6 $18) 44. Rbe6 1-0

[Event "LIII TCh-ESP CECLUB Gp1"]
[Site "Lugo ESP"]
[Date "2009.09.22"]
[Round "3"]
[White "Gashimov, Vugar"]
[Black "Gelfand, Boris"]
[Result "1-0"]
[WhiteElo "2740"]
[BlackElo "2756"]
[PlyCount "31"]
[EventDate "2009.09.20"]
[EventType "team"]
[EventRounds "5"]
[EventCountry "ESP"]
[Source "Mark Crowther"]
[SourceDate "2009.01.05"]

{C43: Russische Verteidigung (Petrow)} 1. e4 e5 2. Nf3 Nf6 3. d4 Nxe4 4. dxe5
d5 5. Nbd2 Nc5 6. Nb3 Ne6 (6... Nxb3 7. axb3 Be7 8. Bd3 Nd7 9. c3 Nc5 10. Bc2
Bg4 11. b4 Ne6 12. Qd3 Qd7 13. O-O g6 14. Bh6 Bf5 15. Qe2 Bxc2 16. Qxc2 Bf8 17.
Qd2 Bxh6 18. Qxh6 a6 19. Rfd1 Rd8 20. h4 Qe7 21. Nh2 {Ivanchuk,V (2730)
-Kasimdzhanov,R (2570)/Elista 1998/1/2-1/2}) 7. Nbd4 Nxd4 8. Nxd4 $146 (8. Qxd4
Be7 9. Bf4 c5 10. Qd2 Be6 11. Bb5+ Nc6 12. O-O O-O 13. Rfe1 Qa5 14. Qxa5 Nxa5
15. Bg5 Bxg5 16. Nxg5 a6 17. Bf1 h6 18. Nxe6 fxe6 19. g3 Kf7 20. a3 Nc6 21. Bg2
b5 22. c3 c4 {Villing,D (2179)-Buerger,T (2121)/Velden 2009/0-1}) (8. Qxd4 Be7
$14) 8... Be7 $11 9. Bd3 c5 10. Nf5 O-O (10... Bxf5 $142 $5 11. Bxf5 Nc6 $11)
11. Nxg7 $16 (11. Nxe7+ $6 Qxe7 12. O-O c4 $11) 11... Kxg7 $4 (11... c4 12. Nf5
Kh8 (12... cxd3 $4 13. Qg4+ Bg5 14. Bxg5 Bxf5 15. Qxf5 $18) 13. Nxe7 Qxe7 $16)
12. Qh5 $18 Rh8 13. Bh6+ Kg8 14. e6 $1 fxe6 (14... Bxe6 15. Qe5) (14... fxe6
15. Qg4+ Bg5 (15... Kf7 16. Qg7+ Ke8 17. Qxh8+) 16. Bxg5) (14... -- $140 15.
exf7#) 15. Qg4+ Kf7 16. Qg7+ (16. Qg7+ Ke8 17. Qxh8+ Kd7 18. Qxd8+ Bxd8 19.
O-O-O $18) 1-0

[Event "Inventi GM"]
[Site "Antwerpen"]
[Date "2009.09.18"]
[Round "1"]
[White "Bacrot, Etienne"]
[Black "Sargissian, Gabriel"]
[Result "1-0"]
[WhiteElo "2709"]
[BlackElo "2668"]
[PlyCount "35"]
[EventDate "2009.09.18"]
[EventType "tourn"]
[EventRounds "9"]
[EventCountry "BEL"]
[EventCategory "15"]
[Source "Mark Crowther"]
[SourceDate "2009.01.05"]

{C48: Vierspringerspiel (Rubinstein-Variante)} 1. e4 e5 2. Nf3 Nc6 3. Nc3 Nf6
4. Bb5 Nd4 5. Bc4 Nxf3+ (5... c6 6. Nxe5 d5 7. exd5 Bd6 8. Nf3 Nxf3+ 9. Qxf3
O-O 10. h3 b5 11. Be2 b4 12. Ne4 Nxe4 13. Qxe4 cxd5 14. Qf3 Qc7 15. O-O d4 16.
Qxa8 Bb7 17. Qxa7 Bc5 18. Qxb7 Qxb7 19. Bd3 Qb8 20. b3 {Ivanchuk,V (2714)
-Svidler,P (2713)/Linares 1999/1/2-1/2}) 6. gxf3 Bc5 (6... c6 7. d4 b5 8. Bb3
exd4 9. Qxd4 d6 10. a4 Qb6 11. Qd3 b4 12. Be3 Ba6 13. Nb5 Bxb5 14. axb5 Qxb5
15. Qxb5 cxb5 16. Ra5 Be7 17. Rxb5 a5 18. Ke2 O-O 19. Ra1 Nd7 20. Rb7 a4 21.
Rxd7 {Shyam,S (2415)-Van Ruitenburg,J (2302)/Dieren NED 2009/1-0}) 7. Rg1 $146
(7. d3 d6 8. Rg1 g6 9. f4 Be6 10. Bxe6 fxe6 11. fxe5 dxe5 12. Bg5 Rf8 13. Qf3
Qd7 14. Bxf6 Be7 15. Qh3 Bxf6 16. O-O-O O-O-O 17. Kb1 Kb8 18. Ne2 Rf7 19. c3
Be7 20. Rgf1 Rdf8 21. f3 a5 {Pihlajasalo,A (2190)-Molander,R/Finland 1996/1-0})
7... Nh5 8. d4 Bxd4 (8... exd4 9. Rg5 Be7 $14) 9. Ne2 (9. Nb5 d5 10. Bxd5 c6
11. Nxd4 cxd5 $14) 9... d5 (9... Qe7 $142 $5 $15) 10. Bxd5 $14 c6 11. Nxd4 cxd5
12. Rg5 exd4 13. Rxd5 (13. Rxh5 $143 dxe4 14. fxe4 O-O $17) 13... Qb6 14. Rxh5
Be6 15. b3 O-O (15... g6 16. Rg5 $16) 16. Bb2 g6 (16... Rad8 $5 17. Qd2 f6 $18)
17. Bxd4 $18 Qc7 $4 (17... Qa6 $142 18. Qd2 Rfd8 $18) 18. Bf6 (18. Bf6 Qf4 19.
Be5 $18) 1-0

[Event "2. Grand Slam Masters"]
[Site "Bilbao "]
[Date "2009.09.07"]
[Round "2"]
[White "Aronian, Levon"]
[Black "Karjakin, Sergey"]
[Result "1-0"]
[WhiteElo "2773"]
[BlackElo "2722"]
[PlyCount "59"]
[EventDate "2009.09.06"]
[EventType "tourn"]
[EventRounds "6"]
[EventCountry "ESP"]
[EventCategory "20"]
[Source "Mark Crowther"]
[SourceDate "2009.01.05"]

{E55: Nimzoindisch (Moderne Variante)} 1. d4 Nf6 2. c4 e6 3. Nc3 Bb4 4. e3 O-O
5. Bd3 c5 6. Nf3 d5 7. O-O dxc4 8. Bxc4 Nbd7 9. Qe2 b6 10. Rd1 cxd4 11. exd4
Bb7 12. d5 Bxc3 13. dxe6 Bxf3 14. gxf3 fxe6 15. bxc3 Qc7 $146 (15... Kh8 16.
Ba3 Re8 17. Kh1 Rc8 18. Bb5 Qc7 19. Bd6 Qxc3 20. Rac1 Qxc1 21. Rxc1 Rxc1+ 22.
Kg2 e5 23. Ba3 Rcc8 24. Qd1 a6 25. Bxd7 Rcd8 26. Qa4 Rxd7 27. Qxa6 Nd5 28. Bc1
h6 29. Qb5 Red8 30. Qb2 {Ricardi,P (2545)-Garcia,G (2490)/Cali 2001/0-1}) 16.
Ba3 Nc5 17. Rd4 Kh8 18. Re1 (18. Bxe6 $4 Nxe6 19. Rc4 Nc5 20. Bxc5 bxc5 $19)
18... Rac8 19. Qe5 (19. Bxe6 $143 Nxe6 20. Qxe6 Rfe8 $17) 19... Qf7 20. Bc1 (
20. Bxc5 Rxc5 21. Qxe6 Qg6+ 22. Kh1 Rcc8 $11) 20... Nd5 (20... Qg6+ 21. Kh1 $11
) 21. Bxd5 $14 exd5 22. Qxd5 (22. Rxd5 $4 Rce8 23. Qxe8 Rxe8 (23... Qxe8 $143
24. Rxe8 Rxe8 25. Be3 $18) 24. Rxe8+ Qxe8 $19) 22... Qxf3 23. Qxf3 Rxf3 24. Re7
Rxc3 25. Be3 Ra3 (25... a5 $5 $16) 26. Rg4 h5 (26... Ra4 27. Rxa4 Nxa4 28. Rxa7
$18) 27. Rg5 $18 h4 $2 (27... Rc6 $142 28. Rgxg7 Ra4 (28... Rxa2 $4 29. Bd4 Rf6
30. Bxf6 Ra1+ 31. Bxa1 Ne6 32. Rh7+ Kg8 33. Rh8#) 29. Rh7+ Kg8 30. Reg7+ Kf8
$18) 28. Bd4 Kh7 (28... Ne6 29. Rh5+ Kg8 30. Rxe6 h3 $18) 29. Rgxg7+ (29.
Rexg7+ Kh6 30. Rg4 Rh3 31. R7g6+ Kh7 32. R6g5 Kh6 33. Bg7+ Kh7 34. Bf8 Rg3+ 35.
fxg3 Rc6 36. Rxh4+ Rh6 37. Rxh6#) 29... Kh6 $18 30. Bb2 (30. Bb2 Nd3 31. Re6+
Kh5 32. Bxa3 $18) 1-0

[Event "4. Kolkata Open"]
[Site "Kolkata IND"]
[Date "2009.09.04"]
[Round "4"]
[White "Le Quang Liem"]
[Black "Mamedyarov, Shakhriyar"]
[Result "1-0"]
[WhiteElo "2602"]
[BlackElo "2721"]
[PlyCount "119"]
[EventDate "2009.09.01"]
[EventType "swiss"]
[EventRounds "10"]
[EventCountry "IND"]
[Source "Mark Crowther"]
[SourceDate "2009.01.05"]

{A40: Verschiedene (seltene) Antworten auf 1.d4} 1. d4 e6 2. Nf3 b5 3. e4 Bb7
4. Nbd2 a6 5. a4 b4 6. Bd3 c5 7. dxc5 Bxc5 8. O-O d6 9. Nb3 Nd7 10. Bd2 Ngf6
11. Qe1 a5 12. c3 Qb6 13. Nxa5 Rxa5 14. cxb4 {letzter Buchzug.} Ra8 15. bxc5
Nxc5 16. Qe3 (16. Bb5+ $142 $5 Bc6 17. Be3 Bxb5 18. axb5 Rxa1 19. Qxa1 $18)
16... O-O $14 (16... Nfxe4 $4 17. Bxe4 Bxe4 18. b4 Bxf3 19. bxc5 $18 (19. Qxf3
$143 Nb7 $18)) 17. Bb5 Bxe4 $2 (17... Qd8 $142 $5 $14) 18. b4 $18 Ncd7 19. Qxb6
Nxb6 20. a5 Nbd5 21. Bc6 Rab8 22. a6 Nc3 (22... Ne7 23. Bxe4 Nxe4 24. Rfb1 Nxd2
25. Nxd2 $18) 23. Bxe4 (23. Nd4 $142 $5 Ne2+ 24. Nxe2 Bxc6 $18) 23... Nfxe4 24.
Bxc3 Nxc3 25. a7 Ra8 26. Nd4 Rfc8 27. b5 Nd5 28. Rfb1 (28. Rfc1 Rxc1+ 29. Rxc1
Kf8 $18) 28... Rc7 29. b6 Rb7 30. Nc6 Kf8 31. Ra6 Ke8 32. Na5 Rxb6 33. Rbxb6 (
33. Raxb6 $142 $5 Nxb6 34. Nc6 $18 (34. Rxb6 $6 Rxa7 35. Rb5 d5 $16)) 33...
Nxb6 $16 34. Rxb6 Rxa7 35. Rb8+ Kd7 36. Rb7+ Rxb7 37. Nxb7 f5 38. Na5 g5 39.
Kf1 e5 40. Ke2 h5 41. Nc4 Ke6 42. Kd3 d5 43. Nd2 h4 44. f3 Kd6 45. Nf1 Kc5 $2 (
45... Ke6 $142 $14) 46. Ne3 $18 e4+ 47. Ke2 f4 48. Ng4 (48. Nf5 e3 49. Kd3 d4
$18) 48... Kd4 (48... Kd6 49. Nf6 Ke6 50. Nh7 $18) 49. Kd2 Kc4 $2 (49... h3 50.
gxh3 exf3 51. Ke1 $18) 50. h3 (50. Ne5+ $142 Kd4 51. Nf7 e3+ 52. Ke1 $18) 50...
Kd4 51. Nf6 e3+ (51... Ke5 52. Ne8 $18) 52. Kc2 Kc4 53. Nd7 Kd4 54. Nb8 Kc4 55.
Nc6 Kc5 56. Ne5 Kd4 $4 (56... Kd6 57. Nd3 Ke6 $18) 57. Nf7 Kc4 58. Nxg5 d4 59.
Ne6 d3+ 60. Kd1 1-0

[Event "3. NH Chess Tournament"]
[Site "Amsterdam NED"]
[Date "2009.08.23"]
[Round "4"]
[White "Smeets, Jan"]
[Black "Ljubojevic, Ljubomir"]
[Result "1-0"]
[WhiteElo "2632"]
[BlackElo "2553"]
[PlyCount "59"]
[EventDate "2009.08.20"]
[EventType "schev"]
[EventRounds "10"]
[EventCountry "NED"]
[Source "Mark Crowther"]
[SourceDate "2009.01.05"]

{B80: Sizilianisch (Scheveninger System)} 1. e4 c5 2. Nf3 e6 3. d4 cxd4 4. Nxd4
Nc6 5. Nc3 d6 6. Be3 Nf6 7. Qd2 Be7 8. f3 O-O 9. O-O-O d5 10. Be2 (10. Qe1 Bd7
11. Bf2 Qc7 12. Ndb5 Qf4+ 13. Kb1 dxe4 14. Bg3 Qh6 15. fxe4 Rad8 16. Be2 e5 17.
Bf3 Be6 18. Nd5 Bc5 19. Rf1 Rd7 20. a3 Rfd8 21. Nxf6+ Qxf6 22. Nc3 Rxd1+ 23.
Bxd1 Qe7 24. Bh4 f6 {Morozevich,A (2723)-Svidler,P (2713)/Frankfurt 1999/1/2-1/
2}) 10... dxe4 11. Nxc6 bxc6 $146 (11... Qxd2+ 12. Rxd2 bxc6 13. Nxe4 Nd5 14.
Bc5 Bxc5 15. Nxc5 a5 16. c4 Nf4 17. Bd1 e5 18. Ba4 Bf5 19. g3 Ne6 20. Nd7 Rfd8
21. g4 Bg6 22. Bxc6 Rac8 23. Nxe5 Nd4 24. Rhd1 Nxc6 25. Nxc6 Rxd2 26. Rxd2 {
Spoelman,W (2546)-Smits,S (2165)/Vlissingen NED 2009/1-0}) 12. Qxd8 (12. Nxe4
$6 Nd5 $11) (12. fxe4 $143 Qa5 $15) 12... Bxd8 13. Nxe4 Nxe4 14. fxe4 Bb6 15.
Bxb6 axb6 16. a3 Ba6 17. Bxa6 Rxa6 18. Rd6 Ra4 (18... Rc8 $5 $14) 19. Rxc6 $16
Rxe4 20. Rxb6 Re2 21. a4 Rxg2 22. a5 g5 (22... Rc8 $5 23. c3 Ra8 $16) 23. a6
$18 Ra8 24. Kb1 (24. Rc6 $142 Rg4 25. c4 $18) 24... g4 $2 (24... f5 25. b4 f4
$18) 25. b4 $18 Rd2 (25... f5 26. b5 Rd2 27. Rb7 $18) 26. b5 Rd7 (26... Rd4 27.
Rb7 Rb4+ 28. Kc1 $18) 27. c4 Rc8 (27... Rd4 28. c5 Rb4+ 29. Ka2 Rd8 $18) 28.
Rc1 Kg7 29. c5 Rd4 (29... Rd3 30. a7 Ra3 31. Rb7 $18) 30. c6 (30. c6 Rb4+ 31.
Ka2 $18) 1-0

[Event "Jubilaeumsopen"]
[Site "Zürich"]
[Date "2009.08.15"]
[Round "9.2"]
[White "Kuzubov, Yuriy"]
[Black "Areshchenko, Alexander"]
[Result "0-1"]
[WhiteElo "2635"]
[BlackElo "2651"]
[PlyCount "60"]
[EventDate "2009.??.??"]
[EventCountry "SUI"]
[Source "Mark Crowther"]
[SourceDate "2009.01.05"]

{D47: Damengambit (Meraner Variante)} 1. d4 d5 2. c4 c6 3. Nf3 Nf6 4. Nc3 e6 5.
e3 Nbd7 6. Bd3 dxc4 7. Bxc4 b5 8. Bd3 Bd6 9. Qc2 Bb7 10. Bd2 Rc8 (10... O-O 11.
Ng5 h6 12. Nge4 Be7 13. O-O Rc8 14. Rfd1 c5 15. dxc5 Nxe4 16. Bxe4 Nxc5 17.
Bxb7 Nxb7 18. Be1 Qb6 19. Qe2 Nd6 20. Rac1 Bf6 21. h3 a6 22. b3 Rc6 23. Qf3
Rfc8 24. Na4 Qc7 25. Ba5 {Karpov,A (2651)-Nakamura,H (2704)/Cap d'Agde 2008/1/
2-1/2}) 11. a3 c5 12. Nxb5 Bb8 13. Qa4 $146 (13. Qd1 O-O 14. Be2 Ne4 15. O-O
Qf6 16. Nc3 Nxd2 17. Qxd2 Rfd8 18. Rfd1 Nb6 19. Qd3 cxd4 20. exd4 Qh6 21. g3
Nd5 22. Ne4 Ne7 23. Nc3 Nf5 24. d5 Bxd5 25. Nxd5 Rxd5 26. Qa6 Rdc5 27. Rd2 Qf6
{Wells,P (2481)-Motwani,P (2525)/Edinburgh 2003/1/2-1/2}) 13... O-O 14. Nxa7
Bxa7 15. Qxa7 Bxf3 16. gxf3 Ra8 17. Qb7 cxd4 18. Bb4 (18. exd4 Rb8 19. Qc6 Rxb2
$14) 18... Re8 (18... Rb8 19. Qa6 dxe3 20. O-O-O Qc7+ 21. Kb1 $15) 19. Bd6 Ne5
20. Bxe5 Qa5+ 21. Ke2 Qxe5 22. f4 Qd6 23. Qb4 Qd5 24. Qxd4 (24. exd4 $4 Rab8
25. Qd2 Ne4 $19) 24... Qh5+ 25. f3 e5 26. fxe5 Rad8 27. Qc4 $2 (27. Qf4 $142
Rxe5 28. Rad1 $15) 27... Qxe5 $19 28. Qc1 Qh5 29. Bc4 (29. Qb1 Re6 30. a4 Rde8
$19) 29... Rc8 (29... Ne4 30. Qc2 Nd2 31. Qxd2 $19) 30. b3 Nd5 (30... Nd5 31.
h4 Qg6 $19) 0-1